000 00691nam a2200229Ia 4500
003 OSt
005 20220925220321.0
006 a|||||r|||| 00| 0
007 ta
008 220923b |||||||| |||| 00| 0 eng d
037 _cGeneral Book
040 _aRTL
_cRTL
_beng
041 _2eng
_aeng
082 _aXp1,N78, M0/SC
100 _aPAJESTKA jozef
_9284545
245 0 _aRelevance of economic theories
_b Proceeding of confrence............
260 _aLondon
_bMac Millan Press
_c1980
300 _axv,311p.
_ccm.
700 _a FEINSTEIN C.H.
_9252081
942 _hXp1,N78, M0/SC
_cGB
_2CC
999 _c571100
_d571100